[Event "12th Asrian Memorial 2019"]
[Site "Yerevan"]
[Date "2019.06.15"]
[Round "5.11"]
[White "Shahinyan, David"]
[Black "Yeritsyan, Hayk"]
[Result "1/2-1/2"]
[WhiteElo "2429"]
[BlackElo "2208"]
[Annotator "NA"]
[PlyCount "75"]
[EventDate "2019.06.11"]
[EventType "swiss"]
[EventCountry "ARM"]
[SourceTitle "playchess.com"]
[Source "ChessBase"]
[SourceQuality "1"]
[TimeControl "40/5400+30:1800+30"]

1. e4 {[%emt 0:00:59]} c6 {[%emt 0:00:15]} 2. d4 {[%emt 0:00:51]} d5 {[%emt 0:00:12]} 3. exd5 {[%emt 0:03:14]} cxd5 {[%emt 0:00:14]} 4. Bd3 {[%emt 0:00:35]} Nf6 {[%emt 0:00:26]} 5. c3 {[%emt 0:00:41]} Nc6 {[%emt 0:00:27]} 6. Bf4 {[%emt 0:00:55]} Bg4 {[%emt 0:01:59]} 7. Qb3 {[%emt 0:01:10]} Qd7 {[%emt 0:00:37]} 8. Nd2 {[%emt 0:00:36]} e6 {[%emt 0:00:18]} 9. Ngf3 {[%emt 0:00:16]} Bd6 {[%emt 0:00:41]} 10. Bxd6 {[%emt 0:00:15]} Qxd6 {[%emt 0:00:08]} 11. O-O {[%emt 0:00:06]} O-O {[%emt 0:19:08]} 12. Rae1 {[%emt 0:00:08]} Bh5 {[%emt 0:00:55]} 13. Ne5 {[%emt 0:01:15]} Rab8 {[%emt 0:00:20]} 14. a3 {[%emt 0:04:01]} Bg6 $14 {[%emt 0:02:15]} 15. Nxg6 {[%emt 0:10:55]} hxg6 {[%emt 0:00:33]} 16. Qd1 {[%emt 0:00:00]} Rfc8 {[%emt 0:17:36]} 17. Qe2 {[%emt 0:02:42]} Na5 {[%emt 0:01:29]} 18. f4 {[%emt 0:00:13]} Qb6 {[%emt 0:02:36]} 19. Nf3 {[%emt 0:01:54]} Nc4 {[%emt 0:01:33]} 20. Ne5 {[%emt 0:00:01]} Nxb2 {[%emt 0:16:25]} 21. Rb1 {[%emt 0:00:18]} Rxc3 {[%emt 0:00:09]} 22. Rxb2 {[%emt 0:00:05]} Qxd4+ {[%emt 0:00:06]} 23. Kh1 {[%emt 0:00:01]} Rbc8 {[%emt 0:00:27]} 24. Rb4 {[%emt 0:08:36]} Qc5 {[%emt 0:01:02]} 25. Rxb7 {[%emt 0:00:02]} Rc1 {[%emt 0:01:01]} 26. h3 {[%emt 0:05:36]} Ne4 {[%emt 0:11:59]} 27. Bxe4 {[%emt 0:05:19]} dxe4 {[%emt 0:00:02]} 28. Nxf7 {[%emt 0:03:58]} Qc2 {[%emt 0:03:50]} 29. Qa6 {[%emt 0:21:29]} Qc6 {[%emt 0:04:40]} 30. Qxa7 {[%emt 0:04:42]} Rxf1+ {[%emt 0:00:05]} 31. Kh2 {[%emt 0:00:02]} Qc1 {[%emt 0:08:27]} 32. Nh6+ {[%emt 0:00:49]} Kh8 {[%emt 0:00:03]} 33. Nf7+ {[%emt 0:00:06]} Kg8 {[%emt 0:00:10]} 34. Nh6+ {[%emt 0:00:42]} Kh8 {[%emt 0:00:03]} 35. Nf7+ {[%emt 0:00:26]} Kg8 {[%emt 0:00:15]} 36. Nh6+ {[%emt 0:01:05]} Kh8 {[%emt 0:00:05]} 37. Nf7+ {[%emt 0:00:21]} Kh7 38. Ng5+ 1/2-1/2

[Event "12th Asrian Memorial 2019"]
[Site "Yerevan"]
[Date "2019.06.15"]
[Round "5.12"]
[White "Piliposyan, Robert"]
[Black "Chibukhchian, Artur"]
[Result "1/2-1/2"]
[WhiteElo "2188"]
[BlackElo "2374"]
[Annotator "NA"]
[PlyCount "69"]
[EventDate "2019.06.11"]
[EventType "swiss"]
[EventCountry "ARM"]
[SourceTitle "playchess.com"]
[Source "ChessBase"]
[SourceQuality "1"]
[TimeControl "40/5400+30:1800+30"]

1. d4 {[%emt 0:00:00]} d5 {[%emt 0:06:25]} 2. c4 {[%emt 0:00:34]} dxc4 {[%emt 0:00:13]} 3. e3 {[%emt 0:00:24]} Nf6 {[%emt 0:04:07]} 4. Bxc4 {[%emt 0:00:15]} a6 {[%emt 0:01:01]} 5. Nf3 {[%emt 0:00:55]} e6 {[%emt 0:01:07]} 6. O-O {[%emt 0:00:34]} b5 {[%emt 0:05:20]} 7. Be2 {[%emt 0:02:40]} Nbd7 {[%emt 0:06:54]} 8. b3 {[%emt 0:07:52]} Bb7 {[%emt 0:01:49]} 9. Bb2 $14 {[%emt 0:00:13]} c5 {[%emt 0:01:25]} 10. Nbd2 {[%emt 0:00:18]} Rc8 {[%emt 0:07:59]} 11. a4 {[%emt 0:04:25]} Qb6 {[%emt 0:03:25]} 12. axb5 {[%emt 0:10:04]} axb5 {[%emt 0:02:53]} 13. Re1 {[%emt 0:09:29]} Be7 {[%emt 0:01:48]} 14. dxc5 Nxc5 {[%emt 0:07:01]} 15. Bd4 {[%emt 0:01:35]} b4 {[%emt 0:04:40]} 16. Nc4 {[%emt 0:00:18]} Qd8 {[%emt 0:13:05]} 17. Na5 {[%emt 0:10:48]} Qb6 {[%emt 0:05:11]} 18. Nxb7 {[%emt 0:05:07]} Qxb7 {[%emt 0:00:22]} 19. Ne5 {[%emt 0:01:27]} O-O {[%emt 0:00:33]} 20. Bf3 {[%emt 0:00:41]} Nd5 {[%emt 0:02:16]} 21. Re2 {[%emt 0:04:23]} Rc7 {[%emt 0:08:35]} 22. Rea2 {[%emt 0:04:14]} Rfc8 {[%emt 0:00:49]} 23. g3 {[%emt 0:04:20]} Bf8 {[%emt 0:10:21]} 24. h4 {[%emt 0:04:18]} Qb5 {[%emt 0:00:17]} 25. Ra5 {[%emt 0:06:51]} Qe8 {[%emt 0:00:20]} 26. h5 {[%emt 0:01:49]} Nc3 {[%emt 0:02:23]} 27. Bxc3 {[%emt 0:01:32]} bxc3 {[%emt 0:00:01]} 28. Ra8 {[%emt 0:02:26]} f6 {[%emt 0:00:46]} 29. Nc4 {[%emt 0:00:19]} Rxa8 {[%emt 0:01:42]} 30. Rxa8 {[%emt 0:00:07]} Rc8 {[%emt 0:01:37]} 31. Rxc8 {[%emt 0:00:48]} Qxc8 {[%emt 0:00:01]} 32. Qc2 {[%emt 0:00:06]} Qb8 {[%emt 0:00:18]} 33. Qxc3 {[%emt 0:00:05]} Qxb3 {[%emt 0:00:13]} 34. Qxb3 {[%emt 0:00:04]} Nxb3 {[%emt 0:00:06]} 35. Kg2 {[%emt 0:00:13]} 1/2-1/2

[Event "12th Asrian Memorial 2019"]
[Site "Yerevan"]
[Date "2019.06.16"]
[Round "6.1"]
[White "Onischuk, Vladimir"]
[Black "Martirosyan, Haik M."]
[Result "1-0"]
[WhiteElo "2630"]
[BlackElo "2635"]
[Annotator "TA"]
[PlyCount "65"]
[EventDate "2019.06.11"]
[EventType "swiss"]
[EventCountry "ARM"]
[SourceTitle "playchess.com"]
[Source "ChessBase"]
[SourceQuality "1"]

{[%evp 14,65,0,0,12,18,11,11,12,11,6,-42,20,35,98,106,103,82,101,89,87,97,114,122,132,123,114,50,150,159,157,133,156,129,689,705,747,742,738,727,712,679,767,767,1812,1812,1478,1385,5277,5193,29980,29981,29991,29992]} 1. e4 e6 2. d4 d5 3. Nc3 Nf6 4. Bg5 Bb4 5. e5 h6 6. Bh4 g5 7. Bg3 Ne4 8. Nge2 h5 {C12: French: Classical System: McCutcheon Variation} (8... c5 9. a3 Bxc3+ 10. Nxc3 Qa5 11. dxc5 Nc6 12. Qd3 a6 13. O-O-O Nxc3 14. Qxc3 Qxc3 15. bxc3 Bd7 16. h4 {½-½ (66) Popov,I (2596)-Morozevich,A (2683) Moscow 2016}) 9. f3 Nxg3 10. hxg3 Bd7 {The position is equal.} 11. Qd2 Be7 12. O-O-O c5 $146 ({Black should try} 12... b5 $1 $15) ({Predecessor:} 12... b5 13. Re1 a5 14. Nd1 a4 15. Ne3 b4 16. Kb1 Nc6 17. c3 Qb8 18. c4 dxc4 19. Nxc4 Qb7 20. f4 g4 21. f5 O-O-O 22. Rd1 {½-½ (22) Haas,B (2132)-Liedl,W (2356) ICCF email 2014}) 13. dxc5 $11 Qa5 (13... Nc6 $14) 14. Nd4 $16 Qxc5 {[#]} 15. Ncb5 $1 Bxb5 16. Bxb5+ Nc6 17. f4 O-O-O {...Nxd4 is the strong threat.} 18. Bxc6 $1 bxc6 19. f5 Kd7 20. Rhf1 (20. f6 $16 Bf8 21. Kb1) 20... Rb8 (20... Qb6 $1 $14) 21. fxe6+ fxe6 22. Rf7 {Black must now prevent Qxg5.} Rhf8 23. Rh7 {Threatens to win with Qxg5.} Rh8 $2 {[%mdl 8192]} (23... Qb6 $16 24. b3 Rbe8 25. Qxg5 c5) 24. b4 $18 {[%mdl 64] Deflection} Rxb4 25. Rxh8 Qa5 26. Nb3 ({Don't blunder} 26. Qc3 $2 Rb1+ 27. Kxb1 Qxc3 $19) 26... Qxa2 {[#]} 27. Rh7 $1 {Threatening mate with Qxb4.} Qa3+ 28. Kb1 a5 29. Qe3 {White threatens Qa7+ and mate.} Rb7 30. Rf1 a4 31. Rff7 Kc8 {[#]} 32. Rxe7 $1 Rxe7 (32... Qxe7 33. Rxe7) 33. Rh8+ {Accuracy: White = 76%, Black = 23%.} 1-0

[Event "12th Asrian Memorial 2019"]
[Site "Yerevan"]
[Date "2019.06.16"]
[Round "6.2"]
[White "Andriasian, Zaven"]
[Black "Hayrapetyan, Hovik"]
[Result "1-0"]
[WhiteElo "2600"]
[BlackElo "2449"]
[Annotator "TA"]
[PlyCount "85"]
[EventDate "2019.06.11"]
[EventType "swiss"]
[EventCountry "ARM"]
[SourceTitle "playchess.com"]
[Source "ChessBase"]
[SourceQuality "1"]

{[%evp 22,85,32,36,64,31,32,33,32,31,42,16,42,19,66,48,50,49,118,118,118,108,162,121,129,133,141,146,146,129,130,122,118,112,116,77,81,38,97,56,61,50,49,33,77,89,122,97,139,117,126,77,75,75,143,108,532,531,529,530,2219,2132,1307,1289,1268,1235]} 1. e4 c5 2. Nf3 e6 3. d4 cxd4 4. Nxd4 Nc6 5. Nc3 a6 6. Nxc6 bxc6 7. Bd3 d5 8. O-O Nf6 9. Re1 Be7 10. e5 Nd7 11. Qg4 g6 12. Bh6 Qc7 {B46: Sicilian: Taimanov: 5 Nc3 a6} (12... Rb8 13. Nd1 Rb4 14. c4 dxc4 15. Bxc4 Qa5 16. Ne3 Nxe5 17. Qd4 f6 18. Qc3 Qc5 19. Rac1 a5 20. a3 {1-0 (44) Caruana,F (2791)-Svidler,P (2753) Dubai 2014}) 13. Qg3 (13. Qh3 {is more complex.} Bf8 14. Na4 Rb8 15. b3 c5 16. c4) 13... Bf8 14. Bxf8 Kxf8 {[#] White is slightly better.} 15. Rad1 $146 ({Predecessor:} 15. h4 c5 16. Qf4 Bb7 {½-½ (76) Saric,I (2622)-Laznicka,V (2679) Legnica 2013}) 15... c5 16. h4 h5 17. Nb1 {[%cal Bc3b1,Bb1d2,Bd2f3,Bf3g5][%mdl 32]} Bb7 18. Nd2 Kg7 19. Nf3 $36 {[%mdl 2048] Black is under pressure.} Rhd8 {[#]} (19... c4 $14) 20. Ng5 $1 $16 {[%cal Rg5e6] And now Nxe6+! would win.} Nf8 {[#]} 21. Be2 $1 Kh8 (21... Nh7 $16) 22. Rd3 d4 23. Qf4 f5 24. Rg3 Rd7 25. b3 Rad8 26. Rd1 a5 27. a4 Bd5 28. Kh2 Rg7 29. Re1 Rgd7 (29... Kg8 $14) 30. Bd3 c4 31. bxc4 Bxc4 32. Nh3 Bxd3 33. cxd3 {Hoping for Rc1.} Kh7 34. Rc1 Qb8 35. Rc6 {Strongly threatening Ng5+.} Re8 36. Ng5+ Kg8 37. Nf3 Red8 ({Black should try} 37... Qb3) 38. Qg5 Qb7 $2 {[%mdl 8192] [#]} (38... Rg7 $16 {is more resistant.}) 39. Rxe6 $3 $18 {[%mdl 576] Deflection, Decoy. White is clearly winning.} Nxe6 40. Qxg6+ Ng7 41. Ng5 {White wants to mate with Qh7+.} Kf8 42. e6 Rc7 43. Nh7+ {Accuracy: White = 58%, Black = 44%.} 1-0

[Event "12th Asrian Memorial 2019"]
[Site "Yerevan"]
[Date "2019.06.16"]
[Round "6.3"]
[White "Baghdasaryan, Vahe"]
[Black "Sargsyan, Shant"]
[Result "0-1"]
[WhiteElo "2357"]
[BlackElo "2512"]
[Annotator "ChessBase"]
[PlyCount "78"]
[EventDate "2019.06.11"]
[EventType "swiss"]
[EventCountry "ARM"]
[SourceTitle "playchess.com"]
[Source "ChessBase"]
[SourceQuality "1"]
[TimeControl "40/5400+30:1800+30"]

1. e4 {[%emt 0:01:06]} c6 {[%emt 0:00:43]} 2. c4 {[%emt 0:02:37]} d5 {[%emt 0:01:02]} 3. exd5 {[%emt 0:00:07]} cxd5 {[%emt 0:00:06]} 4. cxd5 {[%emt 0:00:06]} Nf6 {[%emt 0:00:48]} 5. Nc3 {[%emt 0:00:40]} Nxd5 {[%emt 0:01:01]} 6. Nf3 {[%emt 0:01:03]} Nc6 {[%emt 0:01:06]} 7. Bb5 {[%emt 0:04:31]} g6 {[%emt 0:02:18]} 8. Qb3 {[%emt 0:01:25]} a6 {[%emt 0:15:44]} 9. Qxd5 {[%emt 0:14:52]} axb5 {[%emt 0:00:50]} 10. Qxd8+ {[%emt 0:00:18]} Kxd8 {[%emt 0:00:45]} 11. Ng5 {[%emt 0:01:26]} Ke8 {[%emt 0:05:08]} 12. Nxb5 {[%emt 0:04:17]} Ra5 {[%emt 0:00:48]} 13. a4 {[%emt 0:00:10]} Bg7 {[%emt 0:09:52]} 14. d3 {[%emt 0:04:19]} h6 {[%emt 0:16:07]} 15. Ne4 {[%emt 0:08:07]} f5 {[%emt 0:00:54]} 16. Nc5 {[%emt 0:12:55]} Kf7 {[%emt 0:02:59]} 17. Bd2 {[%emt 0:00:54]} Ra8 {[%emt 0:00:10]} 18. Bc3 {[%emt 0:00:10]} b6 {[%emt 0:01:14]} 19. Nb3 {[%emt 0:05:23]} Rd8 {[%emt 0:01:03]} 20. Ke2 {[%emt 0:07:52]} Be6 {[%emt 0:05:51]} 21. Nd2 {[%emt 0:00:22]} Rac8 {[%emt 0:02:13]} 22. Rhc1 {[%emt 0:02:33]} Bd5 {[%emt 0:09:15]} 23. Bxg7 {[%emt 0:01:24]} Kxg7 {[%emt 0:00:23]} 24. Nc4 {[%emt 0:00:08]} Bxg2 {[%emt 0:05:57]} 25. f3 {[%emt 0:05:20]} Nb4 {[%emt 0:00:33]} 26. Nxb6 {[%emt 0:08:04]} Rxc1 {[%emt 0:01:41]} 27. Rxc1 {[%emt 0:00:02]} Rxd3 {[%emt 0:00:48]} 28. Rc3 {[%emt 0:08:28]} Bxf3+ {[%emt 0:00:45]} 29. Kf2 {[%emt 0:00:01]} Bb7 {[%emt 0:06:12]} 30. Rc7 {[%emt 0:04:11]} Be4 {[%emt 0:01:17]} 31. Nc4 {[%emt 0:01:41]} Rf3+ {[%emt 0:01:02]} 32. Kg1 {[%emt 0:00:19]} Nd5 {[%emt 0:00:35]} 33. Rd7 {[%emt 0:00:45]} Nf4 {[%emt 0:01:01]} 34. Nd2 {[%emt 0:00:49]} Ne2+ {[%emt 0:00:56]} 35. Kg2 {[%emt 0:00:03]} Rd3+ {[%emt 0:00:30]} 36. Nxe4 {[%emt 0:00:52]} Rxd7 {[%emt 0:00:01]} 37. Kf2 {[%emt 0:00:18]} Nc1 {[%emt 0:00:45]} 38. Nec3 {[%emt 0:00:51]} Nb3 {[%emt 0:01:37]} 39. Ke1 {[%emt 0:00:16]} e5 {[%emt 0:00:53]} 0-1

[Event "12th Asrian Memorial 2019"]
[Site "Yerevan"]
[Date "2019.06.16"]
[Round "6.4"]
[White "Gharibyan, Mamikon"]
[Black "Kotanjian, Tigran"]
[Result "1-0"]
[WhiteElo "2320"]
[BlackElo "2462"]
[Annotator "RC"]
[PlyCount "61"]
[EventDate "2019.06.11"]
[EventType "swiss"]
[EventCountry "ARM"]
[SourceTitle "playchess.com"]
[Source "ChessBase"]
[SourceQuality "1"]
[TimeControl "40/5400+30:1800+30"]

1. d4 {[%emt 0:00:00]} d5 {[%emt 0:00:00]} 2. c4 {[%emt 0:00:13]} e6 {[%emt 0:00:00]} 3. Nf3 {[%emt 0:00:51]} Nf6 {[%emt 0:00:00]} 4. Nc3 {[%emt 0:01:36]} c6 {[%emt 0:01:05]} 5. Bg5 {[%emt 0:02:34]} h6 {[%emt 0:00:09]} 6. Bxf6 {[%emt 0:03:35]} Qxf6 {[%emt 0:00:08]} 7. Qb3 {[%emt 0:03:55]} Nd7 {[%emt 0:06:39]} 8. Rd1 {[%emt 0:12:36]} a5 {[%emt 0:04:48]} 9. e3 {[%emt 0:04:38]} Qd8 {[%emt 0:00:48]} 10. Bd3 {[%emt 0:07:39]} a4 {[%emt 0:02:59]} 11. Qc2 {[%emt 0:00:33]} a3 {[%emt 0:00:07]} 12. b3 {[%emt 0:00:21]} Bb4 {[%emt 0:00:10]} 13. O-O {[%emt 0:00:31]} Qa5 {[%emt 0:00:19]} 14. Ne2 {[%emt 0:01:40]} Nf6 {[%emt 0:03:01]} 15. Ng3 {[%emt 0:03:17]} O-O {[%emt 0:03:11]} 16. Ne5 {[%emt 0:06:41]} c5 {[%emt 0:01:03]} 17. f4 {[%emt 0:04:26]} cxd4 {[%emt 0:00:11]} 18. exd4 {[%emt 0:00:18]} Bc3 {[%emt 0:00:21]} 19. Qf2 {[%emt 0:05:20]} dxc4 {[%emt 0:02:33]} 20. bxc4 {[%emt 0:02:03]} Rd8 {[%emt 0:02:21]} 21. Bb1 {[%emt 0:08:05]} Qb6 {[%emt 0:03:17]} 22. Ne2 {[%emt 0:06:50]} Bb2 {[%emt 0:02:16]} 23. g4 {[%emt 0:01:20]} Qc7 {[%emt 0:06:09]} 24. g5 {[%emt 0:01:23]} Nh7 {[%emt 0:00:19]} 25. gxh6 {[%emt 0:06:58]} g6 {[%emt 0:00:50]} 26. Qg3 {[%emt 0:01:49]} Qe7 {[%emt 0:08:21]} 27. h4 {[%emt 0:02:08]} Nf6 {[%emt 0:02:01]} 28. Qg5 {[%emt 0:01:35]} Re8 {[%emt 0:00:32]} 29. Bxg6 {[%emt 0:01:21]} fxg6 {[%emt 0:00:17]} 30. Nxg6 {[%emt 0:00:10]} Qh7 {[%emt 0:03:13]} 31. Ne5+ {[%emt 0:00:18]} 1-0

[Event "12th Asrian Memorial 2019"]
[Site "Yerevan"]
[Date "2019.06.16"]
[Round "6.5"]
[White "Barseghyan, Armen Ar."]
[Black "Mikaelyan, Arman"]
[Result "0-1"]
[WhiteElo "2294"]
[BlackElo "2453"]
[Annotator "ChessBase"]
[PlyCount "92"]
[EventDate "2019.06.11"]
[EventType "swiss"]
[EventCountry "ARM"]
[SourceTitle "playchess.com"]
[Source "ChessBase"]
[SourceQuality "1"]
[TimeControl "40/5400+30:1800+30"]

1. e4 {[%emt 0:00:00]} c5 {[%emt 0:01:01]} 2. Nc3 {[%emt 0:00:10]} d6 {[%emt 0:00:26]} 3. f4 {[%emt 0:00:58]} Nc6 {[%emt 0:02:33]} 4. Nf3 {[%emt 0:00:13]} g6 {[%emt 0:00:27]} 5. Bc4 {[%emt 0:00:16]} Bg7 {[%emt 0:00:08]} 6. O-O {[%emt 0:00:13]} e6 {[%emt 0:00:38]} 7. d4 {[%emt 0:00:18]} cxd4 {[%emt 0:00:40]} 8. Nb5 {[%emt 0:00:05]} Nge7 {[%emt 0:00:27]} 9. Bb3 {[%emt 0:00:41]} O-O {[%emt 0:00:18]} 10. Nbxd4 {[%emt 0:00:05]} Na5 {[%emt 0:00:12]} 11. Be3 {[%emt 0:07:44]} b6 {[%emt 0:01:47]} 12. Qe2 {[%emt 0:16:45]} Nxb3 {[%emt 0:01:45]} 13. axb3 {[%emt 0:00:05]} Bb7 {[%emt 0:00:22]} 14. Bf2 {[%emt 0:00:35]} a6 {[%emt 0:00:44]} 15. Bh4 {[%emt 0:13:08]} Qc7 {[%emt 0:04:27]} 16. Rad1 {[%emt 0:06:13]} Rfe8 {[%emt 0:05:58]} 17. Qd3 {[%emt 0:07:33]} e5 {[%emt 0:13:14]} 18. Ne2 {[%emt 0:01:47]} d5 {[%emt 0:18:50]} 19. Nxe5 {[%emt 0:10:11]} dxe4 {[%emt 0:00:33]} 20. Qd7 {[%emt 0:00:20]} Rac8 {[%emt 0:03:09]} 21. Bxe7 {[%emt 0:07:37]} Rxe7 {[%emt 0:00:41]} 22. Qxc7 {[%emt 0:00:08]} Rexc7 {[%emt 0:00:31]} 23. Nc4 {[%emt 0:00:52]} b5 {[%emt 0:07:54]} 24. Nd6 {[%emt 0:00:30]} Rb8 {[%emt 0:00:16]} 25. Nxb7 {[%emt 0:00:11]} Rcxb7 {[%emt 0:06:50]} 26. Ra1 {[%emt 0:15:21]} Rd7 {[%emt 0:03:12]} 27. f5 {[%emt 0:04:06]} Bxb2 {[%emt 0:04:11]} 28. Rxa6 {[%emt 0:03:17]} Rd2 {[%emt 0:00:07]} 29. Re1 {[%emt 0:00:26]} Rxc2 {[%emt 0:01:58]} 30. f6 {[%emt 0:00:50]} Rbc8 {[%emt 0:02:27]} 31. g4 {[%emt 0:00:21]} h6 {[%emt 0:01:18]} 32. h4 {[%emt 0:01:24]} R2c6 {[%emt 0:00:52]} 33. Rxc6 {[%emt 0:00:53]} Rxc6 {[%emt 0:00:04]} 34. Kf2 {[%emt 0:02:09]} Bxf6 {[%emt 0:02:06]} 35. Ke3 {[%emt 0:00:03]} Bxh4 {[%emt 0:00:19]} 36. Rh1 {[%emt 0:01:00]} Bg5+ {[%emt 0:00:04]} 37. Kxe4 {[%emt 0:00:03]} Re6+ {[%emt 0:00:03]} 38. Kf3 {[%emt 0:00:09]} Re3+ {[%emt 0:00:04]} 39. Kf2 {[%emt 0:00:07]} Rxb3 {[%emt 0:00:04]} 40. Ra1 {[%emt 0:00:00]} b4 {[%emt 0:00:00]} 41. Ra8+ {[%emt 0:01:01]} Kg7 {[%emt 0:00:22]} 42. Rb8 {[%emt 0:00:03]} Bh4+ {[%emt 0:01:16]} 43. Kg2 {[%emt 0:00:10]} Re3 {[%emt 0:00:18]} 44. Nd4 {[%emt 0:00:44]} Rg3+ {[%emt 0:00:26]} 45. Kh2 {[%emt 0:00:03]} Rxg4 {[%emt 0:00:16]} 46. Rxb4 {[%emt 0:00:03]} h5 {[%emt 0:00:17]} 0-1

[Event "12th Asrian Memorial 2019"]
[Site "Yerevan"]
[Date "2019.06.16"]
[Round "6.6"]
[White "Davtyan, Artur"]
[Black "Der Manuelian, Haik"]
[Result "1-0"]
[WhiteElo "2431"]
[BlackElo "2309"]
[Annotator "NA"]
[PlyCount "153"]
[EventDate "2019.06.11"]
[EventType "swiss"]
[EventCountry "ARM"]
[SourceTitle "playchess.com"]
[Source "ChessBase"]
[SourceQuality "1"]
[TimeControl "40/5400+30:1800+30"]

1. d4 {[%emt 0:00:00]} d5 {[%emt 0:00:00]} 2. c4 {[%emt 0:00:00]} c6 {[%emt 0:00:00]} 3. Nf3 {[%emt 0:00:00]} Nf6 {[%emt 0:00:00]} 4. e3 {[%emt 0:00:00]} Bg4 {[%emt 0:00:00]} 5. h3 {[%emt 0:00:00]} Bxf3 {[%emt 0:00:00]} 6. Qxf3 {[%emt 0:00:00]} e6 {[%emt 0:00:00]} 7. Nc3 {[%emt 0:00:06]} Nbd7 {[%emt 0:00:03]} 8. Bd3 {[%emt 0:00:05]} Bb4 {[%emt 0:01:00]} 9. cxd5 {[%emt 0:01:30] D11: Slav Defence: 3 Nf3 sidelines and 3...Nf6 4 e3 Bg4} (9. O-O O-O 10. Qd1 Re8 11. Bd2 dxc4 12. Bxc4 Qe7 13. a3 Bd6 14. Qc2 Rad8 15. Rfd1 h5 16. b4 h4 {0-1 (35) So,W (2815)-Carlsen,M (2832) chess.com INT 2017}) 9... exd5 {[%emt 0:02:47]} 10. Bd2 {[%emt 0:07:10]} O-O {[%emt 0:02:58]} 11. a3 {[%emt 0:00:09]} Ba5 {[%emt 0:00:56]} 12. b4 {[%emt 0:00:01]} Bc7 {[%emt 0:00:12]} 13. O-O {[%emt 0:00:03] [#]} Nb6 $146 {[%emt 0:08:30]} ({Predecessor:} 13... a6 14. a4 Nb6 15. b5 cxb5 16. axb5 a5 {½-½ (63) Karpov,A (2670)-Kamsky,G (2714) Moscow 2007}) 14. b5 {[%emt 0:02:07]} Qd6 {[%emt 0:00:28]} 15. g3 {[%emt 0:00:25]} Rfe8 {[%emt 0:05:13]} 16. bxc6 {[%emt 0:22:41]} bxc6 {[%emt 0:00:46]} 17. Rfc1 {[%emt 0:14:18]} Qe6 {[%emt 0:24:11]} 18. Qf5 {[%emt 0:06:45]} Qxf5 {[%emt 0:14:12]} 19. Bxf5 {[%emt 0:00:26]} Nc4 {[%emt 0:05:16]} 20. Be1 {[%emt 0:02:21]} Bd6 {[%emt 0:07:58]} 21. Na4 {[%emt 0:11:55]} Rab8 {[%emt 0:03:34]} 22. Bd3 {[%emt 0:05:06]} Bxa3 {[%emt 0:04:10]} 23. Rc2 {[%emt 0:00:55]} Bb4 {[%emt 0:05:43]} 24. Bxc4 {[%emt 0:00:01]} Bxe1 {[%emt 0:01:05]} 25. Rxe1 {[%emt 0:05:44]} Rb4 {[%emt 0:00:55]} 26. Nb2 {[%emt 0:00:38]} Reb8 {[%emt 0:01:36]} 27. Ree2 {[%emt 0:00:05]} dxc4 {[%emt 0:01:00]} 28. Nxc4 $16 {[%emt 0:00:04]} Nd5 {[%emt 0:03:04]} 29. Ne5 {[%emt 0:00:59]} Rb1+ {[%emt 0:00:17]} 30. Kg2 {[%emt 0:00:01]} Nb4 {[%emt 0:00:17]} 31. Rc4 {[%emt 0:11:11]} Rb6 {[%emt 0:00:19]} 32. d5 {[%emt 0:01:45]} Nxd5 {[%emt 0:01:55]} 33. Rd2 {[%emt 0:00:09]} g6 {[%emt 0:04:51]} 34. Nxc6 {[%emt 0:00:56]} Nf6 {[%emt 0:00:37]} 35. g4 {[%emt 0:04:43]} h6 {[%emt 0:02:18]} 36. Nxa7 {[%emt 0:00:56]} R1b4 {[%emt 0:00:22]} 37. Rxb4 {[%emt 0:01:41]} Rxb4 {[%emt 0:00:00]} 38. Nc6 {[%emt 0:00:06]} Rb5 {[%emt 0:00:45]} 39. Nd4 {[%emt 0:03:31]} Ra5 {[%emt 0:00:15]} 40. Ne2 {[%emt 0:00:00]} h5 {[%emt 0:00:00]} 41. f3 {[%emt 0:00:59]} hxg4 {[%emt 0:03:29]} 42. hxg4 {[%emt 0:00:41]} Nd5 {[%emt 0:02:38]} 43. Kf2 {[%emt 0:02:52]} Kg7 {[%emt 0:00:03]} 44. Ng3 {[%emt 0:06:16]} Nc7 {[%emt 0:01:47]} 45. Ne4 {[%emt 0:00:14]} Ne6 {[%emt 0:00:19]} 46. f4 {[%emt 0:01:37]} f5 {[%emt 0:13:58]} 47. Rd7+ {[%emt 0:05:47]} Kf8 {[%emt 0:00:19]} 48. gxf5 {[%emt 0:01:17]} gxf5 {[%emt 0:00:59]} 49. Ng5 {[%emt 0:09:41]} Ng7 {[%emt 0:07:06]} 50. Kg3 {[%emt 0:01:54]} Ra6 {[%emt 0:01:41]} 51. Rf7+ {[%emt 0:00:38]} Kg8 {[%emt 0:00:05]} 52. Re7 {[%emt 0:00:05]} Kf8 {[%emt 0:01:42]} 53. Rc7 {[%emt 0:01:09]} Rh6 {[%emt 0:02:10]} 54. Ra7 {[%emt 0:00:29]} Nh5+ {[%emt 0:00:32]} 55. Kf3 {[%emt 0:00:10]} Ng7 {[%emt 0:00:30]} 56. Ke2 {[%emt 0:00:58]} Rd6 {[%emt 0:01:20]} 57. Rb7 {[%emt 0:00:02]} Ra6 {[%emt 0:00:58]} 58. Rc7 {[%emt 0:02:30]} Ra3 {[%emt 0:00:30]} 59. Rc6 {[%emt 0:00:28]} Ke7 {[%emt 0:00:52]} 60. Rc7+ {[%emt 0:01:35]} Kf6 {[%emt 0:00:43]} 61. Rc6+ {[%emt 0:00:41]} Ke7 {[%emt 0:00:04]} 62. Rg6 {[%emt 0:00:05]} Ne8 {[%emt 0:00:31]} 63. Re6+ {[%emt 0:00:01]} Kd7 {[%emt 0:00:03]} 64. Re5 {[%emt 0:00:32]} Nd6 {[%emt 0:00:34]} 65. Rc5 {[%emt 0:00:38]} Ra8 {[%emt 0:01:27]} 66. Kd3 {[%emt 0:02:34]} Ra4 {[%emt 0:00:34]} 67. Nf3 {[%emt 0:00:28]} Ke6 {[%emt 0:00:23]} 68. Nd4+ {[%emt 0:00:13]} Kf6 {[%emt 0:00:05]} 69. Rd5 {[%emt 0:00:48]} Ra3+ {[%emt 0:00:29]} 70. Ke2 {[%emt 0:00:01]} Ra6 {[%emt 0:00:11]} 71. Kf3 {[%emt 0:00:06]} Kg6 {[%emt 0:00:54]} 72. Re5 {[%emt 0:00:01]} Rb6 {[%emt 0:00:30]} 73. Re6+ {[%emt 0:00:11]} Kf7 {[%emt 0:00:12]} 74. Rh6 {[%emt 0:00:05]} Nc4 {[%emt 0:01:00]} 75. Rxb6 {[%emt 0:00:01]} Nxb6 {[%emt 0:00:02]} 76. Nxf5 {[%emt 0:00:05]} Kf6 77. Ke4 1-0